Objetividad, realismo y retórica : (Registro nro. 5331)

Detalles MARC
000 -LEADER
fixed length control field 01152nam a2200277Ia 4500
003 - CONTROL NUMBER IDENTIFIER
control field OSt
005 - DATE AND TIME OF LATEST TRANSACTION
control field 20200606181141.0
008 - FIXED-LENGTH DATA ELEMENTS--GENERAL INFORMATION
fixed length control field 191128s2003 sp fr 001 0 spa d
020 ## - INTERNATIONAL STANDARD BOOK NUMBER
International Standard Book Number 843750564X
040 ## - CATALOGING SOURCE
Original cataloging agency CO-JMCR
Transcribing agency CO-JMCR
041 0# - LANGUAGE CODE
Language code of text/sound track or separate title spa
082 04 - DEWEY DECIMAL CLASSIFICATION NUMBER
Classification number 330.01 /
Item number M357o
Edition number 23
100 1# - MAIN ENTRY--PERSONAL NAME
Personal name Marqués, Gustavo,
Relator term editor
9 (RLIN) 4908
245 10 - TITLE STATEMENT
Title Objetividad, realismo y retórica :
Remainder of title nuevas perspectivas en metodología de la economía /
Statement of responsibility, etc. Gustavo Marqués, Alfonso Ávila y Wenceslao J. González editores
250 ## - EDITION STATEMENT
Edition statement Primera edición
260 ## - PUBLICATION, DISTRIBUTION, ETC.
Place of publication, distribution, etc. Madrid :
Name of publisher, distributor, etc. Fondo de Cultura Económica : Universidad Autónoma de Madrid : Universidad Nacional de Educación a Distancia,
Date of publication, distribution, etc. 2003
300 ## - PHYSICAL DESCRIPTION
Extent 236 páginas ;
Dimensions 21 cm.
490 0# - SERIES STATEMENT
Series statement Economía contemporánea
500 ## - GENERAL NOTE
General note Incluye índice de nombres
505 0# - FORMATTED CONTENTS NOTE
Formatted contents note Valores y objetividad -- Realismo y retórica -- Modelos económicos -- Estadística y contabilidad
650 14 - SUBJECT ADDED ENTRY--TOPICAL TERM
Topical term or geographic name entry element Economía política
General subdivision filosofía
9 (RLIN) 5138
650 14 - SUBJECT ADDED ENTRY--TOPICAL TERM
Topical term or geographic name entry element Economía política
General subdivision metodología
9 (RLIN) 5139
700 1# - ADDED ENTRY--PERSONAL NAME
Personal name Ávila, Alfonso,
Relator term editor
9 (RLIN) 4904
700 1# - ADDED ENTRY--PERSONAL NAME
Personal name González, Wenceslao J.,
Relator term editor
9 (RLIN) 4907
942 ## - ADDED ENTRY ELEMENTS (KOHA)
Source of classification or shelving scheme Dewey Decimal Classification
Koha item type Books
Existencias
Withdrawn status Lost status Source of classification or shelving scheme Damaged status Not for loan Collection code Home library Current library Date acquired Source of acquisition Cost, normal purchase price Total Checkouts Total Renewals Full call number Barcode Date last seen Date last checked out Copy number Koha item type
    Dewey Decimal Classification     Non-fiction Biblioteca Pública José María del Castillo y Rada Biblioteca Pública José María del Castillo y Rada 04/15/2018 Donación 0.00 1 2 330.01 / M357o 430001721 05/16/2024 09/22/2021 Ej.1 Books